<?xml version="1.0" encoding="UTF-8"?>
<record
    xmlns:xsi="http://www.w3.org/2001/XMLSchema-instance"
    xsi:schemaLocation="http://www.loc.gov/MARC21/slim http://www.loc.gov/standards/marcxml/schema/MARC21slim.xsd"
    xmlns="http://www.loc.gov/MARC21/slim">

  <leader>01047nam a22002057a 4500</leader>
  <controlfield tag="003">OSt</controlfield>
  <controlfield tag="005">20201202084418.0</controlfield>
  <controlfield tag="008">201202b 1966 sp ac00| 0 eng d</controlfield>
  <datafield tag="040" ind1=" " ind2=" ">
    <subfield code="a">DO-SdBNP</subfield>
    <subfield code="b">spa</subfield>
    <subfield code="c">BNPHU</subfield>
  </datafield>
  <datafield tag="082" ind1=" " ind2=" ">
    <subfield code="a">929</subfield>
    <subfield code="b">H675A</subfield>
  </datafield>
  <datafield tag="100" ind1="1" ind2=" ">
    <subfield code="a">Gisevius, Hans Bernd</subfield>
    <subfield code="9">77478</subfield>
  </datafield>
  <datafield tag="245" ind1="1" ind2="0">
    <subfield code="a">Adolf Hitler /</subfield>
    <subfield code="c">Hans Bernd Gisevius ; traducci&#xF3;n de Manuel Vazquez.</subfield>
  </datafield>
  <datafield tag="260" ind1=" " ind2=" ">
    <subfield code="a">Buenos Aires :</subfield>
    <subfield code="b">Plaza y Janes,</subfield>
  </datafield>
  <datafield tag="300" ind1=" " ind2=" ">
    <subfield code="a">685 p. : </subfield>
    <subfield code="b">il., </subfield>
    <subfield code="c">22 cm. </subfield>
  </datafield>
  <datafield tag="505" ind1=" " ind2=" ">
    <subfield code="t">El visionario de su propio futuro --</subfield>
    <subfield code="t">El transgresor --</subfield>
    <subfield code="t">El legalista. (Berl&#xED;n, 30 de enero de 1933) --</subfield>
    <subfield code="t">El legalista. (Berl&#xED;n, 2 de agosto de 1934) --</subfield>
    <subfield code="t">El liquidador. (Viena, 13 de marzo de 1938) --</subfield>
    <subfield code="t">El triunfador (Compiegne, 22 de junio de 1940) --</subfield>
    <subfield code="t">El usurpador. (Cuartel General de F&#xFC;hner, 22 de junio de 1941) --</subfield>
    <subfield code="t">El fracasado. (Stalingrado, 2 de febrero de 1943) --</subfield>
    <subfield code="t">El peregrino sin rumbo. (Berl&#xED;n, 30 de abril de 1945).</subfield>
  </datafield>
  <datafield tag="590" ind1=" " ind2=" ">
    <subfield code="a">Inventariado, 2020 /LP

</subfield>
  </datafield>
  <datafield tag="600" ind1="1" ind2="4">
    <subfield code="a">Hitler, Adolf </subfield>
    <subfield code="d">1889-1945</subfield>
    <subfield code="v">Biograf&#xED;as</subfield>
    <subfield code="9">77479</subfield>
  </datafield>
  <datafield tag="700" ind1="1" ind2=" ">
    <subfield code="a">Vazquez, Manuel</subfield>
    <subfield code="e">tr.</subfield>
    <subfield code="9">53537</subfield>
  </datafield>
  <datafield tag="942" ind1=" " ind2=" ">
    <subfield code="2">ddc</subfield>
    <subfield code="c">LBS1</subfield>
  </datafield>
  <datafield tag="952" ind1=" " ind2=" ">
    <subfield code="0">0</subfield>
    <subfield code="1">0</subfield>
    <subfield code="2">ddc</subfield>
    <subfield code="7">5</subfield>
    <subfield code="8">MO</subfield>
    <subfield code="a">BNPHU</subfield>
    <subfield code="b">GR</subfield>
    <subfield code="c">HD</subfield>
    <subfield code="d">2020-12-02</subfield>
    <subfield code="l">0</subfield>
    <subfield code="o">929 H675A</subfield>
    <subfield code="r">2020-12-02</subfield>
    <subfield code="w">2020-12-02</subfield>
    <subfield code="y">LBS1</subfield>
  </datafield>
  <datafield tag="999" ind1=" " ind2=" ">
    <subfield code="c">49225</subfield>
    <subfield code="d">49225</subfield>
  </datafield>
</record>
